<?xml version="1.0" encoding="UTF-8"?>
<record
    xmlns:xsi="http://www.w3.org/2001/XMLSchema-instance"
    xsi:schemaLocation="http://www.loc.gov/MARC21/slim http://www.loc.gov/standards/marcxml/schema/MARC21slim.xsd"
    xmlns="http://www.loc.gov/MARC21/slim">

  <leader>02074nam a2200469 a 4500</leader>
  <controlfield tag="005">20240412114546.0</controlfield>
  <controlfield tag="008">100809t2012    sp a   f |||| 00| 0 spa d</controlfield>
  <datafield tag="020" ind1=" " ind2=" ">
    <subfield code="a">9780736087728</subfield>
  </datafield>
  <datafield tag="041" ind1=" " ind2=" ">
    <subfield code="a">spa</subfield>
  </datafield>
  <datafield tag="092" ind1=" " ind2=" ">
    <subfield code="c">612</subfield>
    <subfield code="l">46</subfield>
    <subfield code="s">KEN</subfield>
  </datafield>
  <datafield tag="100" ind1="1" ind2=" ">
    <subfield code="a">Kenny, W. Larry</subfield>
    <subfield code="9">3021</subfield>
  </datafield>
  <datafield tag="245" ind1=" " ind2=" ">
    <subfield code="a">Fisiolog&#xED;a del deporte y el ejercicio /  </subfield>
    <subfield code="c">W. Larry Kenney</subfield>
  </datafield>
  <datafield tag="250" ind1=" " ind2=" ">
    <subfield code="a">5a ed. en espa&#xF1;ol de la obra original en ingl&#xE9;s</subfield>
  </datafield>
  <datafield tag="260" ind1=" " ind2=" ">
    <subfield code="a">Madrid: </subfield>
    <subfield code="b">Editorial M&#xE9;dica Panamericana;</subfield>
    <subfield code="c">2012.</subfield>
  </datafield>
  <datafield tag="300" ind1=" " ind2=" ">
    <subfield code="a">621 p.</subfield>
    <subfield code="b">il.</subfield>
  </datafield>
  <datafield tag="500" ind1=" " ind2=" ">
    <subfield code="a">Kenney, l. W., Wilmore, J. H. y Costill, D. L. (Col.). (2012). Fisiolog&#xED;a del deporte y el ejercicio. (5a ed.). Madrid : Editorial M&#xE9;dica Panamericana.</subfield>
  </datafield>
  <datafield tag="653" ind1=" " ind2=" ">
    <subfield code="a">Estructura y funcion del m&#xFA;sculo duante el ejercicio</subfield>
  </datafield>
  <datafield tag="653" ind1=" " ind2=" ">
    <subfield code="a">Combustible para el ejercicio: bioenerg&#xE9;tica y metabolismo muscular</subfield>
  </datafield>
  <datafield tag="653" ind1=" " ind2=" ">
    <subfield code="a">Control neural de los m&#xFA;sculos durante el ejercicio</subfield>
  </datafield>
  <datafield tag="653" ind1=" " ind2=" ">
    <subfield code="a">Control hormonal durante el ejercicio</subfield>
  </datafield>
  <datafield tag="653" ind1=" " ind2=" ">
    <subfield code="a">Gasto energ&#xE9;tico y fatiga</subfield>
  </datafield>
  <datafield tag="653" ind1=" " ind2=" ">
    <subfield code="a">Aparato cardiovascular y su control</subfield>
  </datafield>
  <datafield tag="653" ind1=" " ind2=" ">
    <subfield code="a">Aparato respiratorio y su regulaci&#xF3;n</subfield>
  </datafield>
  <datafield tag="653" ind1=" " ind2=" ">
    <subfield code="a">Respuestas cardiorespiratorias al ejercicio agudo</subfield>
  </datafield>
  <datafield tag="653" ind1=" " ind2=" ">
    <subfield code="a">Principios del entrenamiento</subfield>
  </datafield>
  <datafield tag="653" ind1=" " ind2=" ">
    <subfield code="a">Adaptaciones al entrenamiento con sobrecarga</subfield>
  </datafield>
  <datafield tag="653" ind1=" " ind2=" ">
    <subfield code="a">Adaptaciones al entrenamiento aer&#xF3;bico y anaer&#xF3;bico</subfield>
  </datafield>
  <datafield tag="653" ind1=" " ind2=" ">
    <subfield code="a">Ejercicio en ambientes calurosos y fr&#xED;os</subfield>
  </datafield>
  <datafield tag="653" ind1=" " ind2=" ">
    <subfield code="a">Ejercicio en la altura</subfield>
  </datafield>
  <datafield tag="653" ind1=" " ind2=" ">
    <subfield code="a">Entrenamiento para el deporte</subfield>
  </datafield>
  <datafield tag="653" ind1=" " ind2=" ">
    <subfield code="a">Composici&#xF3;n corporal y nutrici&#xF3;n para el deporte</subfield>
  </datafield>
  <datafield tag="653" ind1=" " ind2=" ">
    <subfield code="a">Ayudas ergog&#xE9;nicas y deporte</subfield>
  </datafield>
  <datafield tag="653" ind1=" " ind2=" ">
    <subfield code="a">Ni&#xF1;os y adolescentes en el deporte y el ejericicio</subfield>
  </datafield>
  <datafield tag="653" ind1=" " ind2=" ">
    <subfield code="a">Deporte y ejercicio en adultos mayores</subfield>
  </datafield>
  <datafield tag="653" ind1=" " ind2=" ">
    <subfield code="a">Diferencias sexuales en el deporte y el ejercicio</subfield>
  </datafield>
  <datafield tag="653" ind1=" " ind2=" ">
    <subfield code="a">Prescripci&#xF3;n del ejercicio para la salud y la aptitud f&#xED;sica</subfield>
  </datafield>
  <datafield tag="653" ind1=" " ind2=" ">
    <subfield code="a">Enfermedades cardiovasculares y actividad f&#xED;sica</subfield>
  </datafield>
  <datafield tag="653" ind1=" " ind2=" ">
    <subfield code="a">Obesidad, diabetes y actividad f&#xED;sica</subfield>
  </datafield>
  <datafield tag="700" ind1="1" ind2=" ">
    <subfield code="a">Wilmore, Jack H.</subfield>
    <subfield code="9">3022</subfield>
  </datafield>
  <datafield tag="700" ind1="1" ind2=" ">
    <subfield code="a">Costill, David L.</subfield>
    <subfield code="9">3023</subfield>
  </datafield>
  <datafield tag="942" ind1=" " ind2=" ">
    <subfield code="2">ddc</subfield>
    <subfield code="c">BK</subfield>
  </datafield>
  <datafield tag="999" ind1=" " ind2=" ">
    <subfield code="c">2229</subfield>
    <subfield code="d">2229</subfield>
  </datafield>
  <datafield tag="952" ind1=" " ind2=" ">
    <subfield code="0">0</subfield>
    <subfield code="1">0</subfield>
    <subfield code="2">ddc</subfield>
    <subfield code="4">0</subfield>
    <subfield code="7">0</subfield>
    <subfield code="8">REF</subfield>
    <subfield code="a">BFM</subfield>
    <subfield code="b">BFM</subfield>
    <subfield code="c">REF</subfield>
    <subfield code="d">2015-10-20</subfield>
    <subfield code="e">Compra Promed 3er a&#xF1;o, Octubre 2015</subfield>
    <subfield code="g">1258.00</subfield>
    <subfield code="l">0</subfield>
    <subfield code="o">612 46 KEN</subfield>
    <subfield code="p">3600</subfield>
    <subfield code="r">2015-10-20</subfield>
    <subfield code="t">Ej.1</subfield>
    <subfield code="w">2015-10-20</subfield>
    <subfield code="y">REF</subfield>
    <subfield code="z">LIBRO DE CONSULTA. Compra Promed 3er a&#xF1;o, Octubre 2015</subfield>
  </datafield>
  <datafield tag="952" ind1=" " ind2=" ">
    <subfield code="0">0</subfield>
    <subfield code="1">0</subfield>
    <subfield code="2">ddc</subfield>
    <subfield code="4">0</subfield>
    <subfield code="7">0</subfield>
    <subfield code="a">BFM</subfield>
    <subfield code="b">BFM</subfield>
    <subfield code="c">CR</subfield>
    <subfield code="d">2015-10-20</subfield>
    <subfield code="e">Compra Promed 3er a&#xF1;o, Octubre 2015</subfield>
    <subfield code="g">1258.00</subfield>
    <subfield code="l">4</subfield>
    <subfield code="o">612 46 KEN</subfield>
    <subfield code="p">3601</subfield>
    <subfield code="r">2017-05-29</subfield>
    <subfield code="s">2017-05-26</subfield>
    <subfield code="t">Ej.2</subfield>
    <subfield code="w">2015-10-20</subfield>
    <subfield code="y">BK</subfield>
    <subfield code="z">Compra Promed 3er a&#xF1;o, Octubre 2015</subfield>
  </datafield>
  <datafield tag="952" ind1=" " ind2=" ">
    <subfield code="0">0</subfield>
    <subfield code="1">0</subfield>
    <subfield code="2">ddc</subfield>
    <subfield code="4">0</subfield>
    <subfield code="7">0</subfield>
    <subfield code="a">BFM</subfield>
    <subfield code="b">BFM</subfield>
    <subfield code="c">CR</subfield>
    <subfield code="d">2015-10-20</subfield>
    <subfield code="e">Compra Promed 3er a&#xF1;o, Octubre 2015</subfield>
    <subfield code="g">1258.00</subfield>
    <subfield code="l">7</subfield>
    <subfield code="m">2</subfield>
    <subfield code="o">612 46 KEN</subfield>
    <subfield code="p">3602</subfield>
    <subfield code="r">2025-06-17</subfield>
    <subfield code="s">2025-06-10</subfield>
    <subfield code="t">Ej.3</subfield>
    <subfield code="w">2015-10-20</subfield>
    <subfield code="y">BK</subfield>
    <subfield code="z">Compra Promed 3er a&#xF1;o, Octubre 2015. Sede Tordos.</subfield>
    <subfield code="f"></subfield>
  </datafield>
  <datafield tag="952" ind1=" " ind2=" ">
    <subfield code="0">0</subfield>
    <subfield code="1">0</subfield>
    <subfield code="2">ddc</subfield>
    <subfield code="4">0</subfield>
    <subfield code="7">0</subfield>
    <subfield code="a">BFM</subfield>
    <subfield code="b">BFM</subfield>
    <subfield code="c">CR</subfield>
    <subfield code="d">2015-10-20</subfield>
    <subfield code="e">Compra Promed 3er a&#xF1;o, Octubre 2015</subfield>
    <subfield code="g">1258.00</subfield>
    <subfield code="l">11</subfield>
    <subfield code="m">3</subfield>
    <subfield code="o">612 46 KEN</subfield>
    <subfield code="p">3603</subfield>
    <subfield code="r">2024-06-18</subfield>
    <subfield code="s">2024-06-18</subfield>
    <subfield code="t">Ej.4</subfield>
    <subfield code="w">2015-10-20</subfield>
    <subfield code="y">BK</subfield>
    <subfield code="z">Compra Promed 3er a&#xF1;o, Octubre 2015. Sede Tordos. </subfield>
    <subfield code="f"></subfield>
  </datafield>
  <datafield tag="952" ind1=" " ind2=" ">
    <subfield code="0">0</subfield>
    <subfield code="1">0</subfield>
    <subfield code="2">ddc</subfield>
    <subfield code="4">0</subfield>
    <subfield code="7">0</subfield>
    <subfield code="a">BFM</subfield>
    <subfield code="b">BFM</subfield>
    <subfield code="c">CR</subfield>
    <subfield code="d">2015-10-20</subfield>
    <subfield code="e">Compra Promed 3er a&#xF1;o, Octubre 2015</subfield>
    <subfield code="g">1258.00</subfield>
    <subfield code="l">1</subfield>
    <subfield code="o">612 46 KEN</subfield>
    <subfield code="p">3604</subfield>
    <subfield code="r">2016-02-15</subfield>
    <subfield code="s">2015-12-15</subfield>
    <subfield code="t">Ej.5</subfield>
    <subfield code="w">2015-10-20</subfield>
    <subfield code="y">BK</subfield>
    <subfield code="z">Compra Promed 3er a&#xF1;o, Octubre 2015</subfield>
  </datafield>
</record>
